| 000 | 00836nam a2200217 a 4500 | ||
|---|---|---|---|
| 001 | 1556 | ||
| 003 | BR-CuiBMT | ||
| 005 | 20231219161333.0 | ||
| 008 | 231215s2010 dfb 000 0 por d | ||
| 040 |
_aBR-CuiBMT _cBR-CuiBMT |
||
| 080 |
_a347.736 _x(81) _x(094.5) _22007 |
||
| 090 |
_dBraile _a347.736(81)(094.5) _bB823l |
||
| 110 | 1 |
_aBrasil. _bSenado Federal. _bSecretaria Especial de Editoração e Publicações. |
|
| 245 | 1 | 0 |
_aLei de falências e legislação correlata _h[braile] / _cSenado Federal. |
| 260 |
_aBrasília : _bSenado Federal, SEEP, _c2010. |
||
| 300 |
_a2 v. ; _c28 cm |
||
| 500 | _aTranscrita em dois volumes para o Sistema Braile pela Secretaria Especial de Editoração e Publicação do Senado Federal. | ||
| 650 |
_aFalência _zBrasil |
||
| 650 |
_aSociedades comerciais _xRecuperação _zBrasil |
||
| 942 |
_2udc _cLV |
||
| 999 |
_c1556 _d1556 |
||